| 000 | 01048cam a2200301 i 4500 | ||
|---|---|---|---|
| 999 |
_c200442068 _d60280 |
||
| 001 | 200442068 | ||
| 003 | TR-AnTOB | ||
| 005 | 20221214155605.0 | ||
| 007 | ta | ||
| 008 | 050615s1978 tu 000 0 tur d | ||
| 035 | _a(TR-AnTOB) | ||
| 040 |
_aTOQ _beng _erda _cTOQ _dTR-AnTOB |
||
| 041 | 0 | _atur | |
| 050 |
_aHG3853.7 _b.Ö93 1978 |
||
| 090 |
_aTOBBK HG3853.7 _b.Ö93 1978 |
||
| 100 | 1 |
_aÖzel, Salih _eauthor _9131485 |
|
| 245 | 1 | 0 |
_aİşletmelerde dış ticaret işlemlerinin muhasebeleştirilmesi / _cSalih Özel. |
| 264 | 1 |
_aAnkara : _bAnkara İktisadi Ticari İlimler Akademisi Muğla İşletmecilik Yüksek Okulu'', _c1978. |
|
| 300 |
_a216 pages ; _c24 cm |
||
| 336 |
_atext _btxt _2rdacontent |
||
| 337 |
_aunmediated _bn _2rdamedia |
||
| 338 |
_avolume _bnc _2rdacarrier |
||
| 490 | 0 |
_aAnkara İktisadi ve Ticari İlimler Akademisi. Muğla İşletmecilik Yüksek Okulu Yayınları ; _v1. |
|
| 650 | 7 |
_aKambiyo _xMuhasebe _2etuturkob _9131486 |
|
| 942 |
_2z _cBK |
||